| 000 | 00506cam a2200169 4500 | ||
|---|---|---|---|
| 999 |
_c4703 _d4703 |
||
| 008 | 931209s1994 nyua j 001 0 eng | ||
| 010 | _a93048559 | ||
| 020 | _a0753405245 | ||
| 050 | 0 | 0 |
_aQB631.4 _bG36 2001 |
| 082 | 0 | 0 |
_a550 GAN _220 |
| 100 | 1 |
_aGaneri, Anita, _d1961- |
|
| 245 | 1 | 0 |
_aI wonder why the wind blows and other questions about our planet / _cAnita Ganeri. |
| 260 |
_aNew York : _bKingfisher Books, _c1994. |
||
| 300 |
_a32 p. : _bcol. ill. ; _c29 cm. |
||
| 500 | _aIncludes index. | ||
| 942 | _2ddc | ||